| 000 | 00964cam a2200193 a 4500 | ||
|---|---|---|---|
| 020 | _a1861897685 (hbk.) | ||
| 020 | _a9781861897688 (hbk.) | ||
| 082 |
_bROH _a303.625 _cD |
||
| 100 | 1 |
_aGunaratna, Rohan, _922962 |
|
| 245 | 1 | 0 |
_aPakistan : _bterrorism ground zero / _cRohan Gunaratna and Khuram Iqbal. |
| 260 |
_aLondon : _bReaktion Books, _c2011. |
||
| 300 |
_a320 p. : _bill. ; _c22 cm. |
||
| 505 | 0 | _aIntroduction -- Tribal Pakistan : the epicentre of global terrorism -- Understanding the Pakistani Taliban -- Terrorism and Karchi -- Mainland Pakistan terrorist groups -- Instability in the region : the wider effect of militancy in Pakistan -- The suicide terrorist threat in Pakistan -- Is Pakistan the ground zero of terrorism? | |
| 526 |
_a0 _b0 _c0 _d303_625549100000000_ROH |
||
| 650 | 0 |
_aTerrorism _zPakistan _xPrevention _xInternational cooperation. _951308 |
|
| 650 | 0 |
_aTerrorists _zPakistan. _951309 |
|
| 700 | 1 |
_aIqbal, Khuram. _951310 |
|
| 942 |
_2ddc _cBK |
||
| 999 |
_c554026 _d554026 |
||